000 00473nam a2200205Ia 4500
008 210210b1911 xxu||||| |||| 00| 0 eng d
041 _aeng
082 _a954/700
100 _a--
245 _aLoan exhibition of antiquities:Coronation durbar 1911
260 _a
_b-
_c1911
300 _a162
650 _aLoan
650 _aexhibition
650 _adurbar
650 _aantiquities:Coronation
650 _a1911
690 _aIndian History
906 _a002200
999 _c121141
_d121141